Responses for show #3847 - Tuesday, May 1, 2001

2001 Teen Tournament quarterfinal game 2.
From the Pennsylvania Convention Center in Philadelphia.

Contestants

Farah Zolghadr, a sophomore from Springfield, Illinois

Misti Coronel, a senior from Pottstown, Pennsylvania

Ryan Ballangee, a senior from Pasadena, Maryland

Jeopardy! Round responses

IT'S IN THE BIBLE
THEATRE
(Alex: We want you to name the continent as we give you...)
CONTINENTAL HIGH POINTS
GEMS & JEWELRY
SPACED OUT
"APP"Y DAYS
    $100 1
David

Ryan
    $100 7
Dawson's Creek

Ryan
    $100 11
North America

Ryan
    $100 25
(Alex: Minute to go.)

rings

Farah
    $100 18
galaxies

Misti
    $100 6
disappear

Misti
    $200 2
physician

Misti
    $200 8
Aaron Carter

Misti
    $200 17
Asia

Ryan
    $200 28
pearls

Misti
    $200 20
Halley's Comet

Misti
    $200 12
an appetite

Misti
    $300 3
hair

Ryan
    $300 9
Massachusetts

Triple Stumper
    $300 19
Africa

Ryan
    $300 29
diamond

Farah
    $300 22
(Ryan: Who is Kepler?)

Nicolaus Copernicus

Ryan
Triple Stumper
    $300 14
Snapple

Ryan
    $400 4
Exodus

Ryan
    $400 10
The Three Musketeers

Farah
    $400 21
South America

Ryan
    $400 26
the Louvre

Ryan
    $800 23
Neptune & Pluto

Ryan
    $400 15
the applecart

Misti
    $500 5
(Ryan: What is barrenness?)

infertility

Ryan
    $500 13
(Ryan: What is "Wuthering Heights?")

Jane Eyre

RyanMisti
    $500 27
Europe (in Russia)

Ryan
    $500 30
Melissa Rivers

Ryan
    $500 24
supernova

Ryan
    $500 16
cappuccino

Misti

Scores at the first commercial break (after clue 16):

Ryan Misti Farah
$1,300 $2,100 $400

Scores at the end of the Jeopardy! Round:

Ryan Misti Farah
$4,600 $2,600 $800

Double Jeopardy! Round responses

EUROPEAN HISTORY
BRAINBUSTERS
SHOW BIZ JOBS
CHOICE PARENTS
MANIA MANIA!
GROUNDED
    $200 4
Martin Luther

Ryan
    $200 9
(Alex: Big & red & it eats rocks; what do you want?)

a big red rock eater

Triple Stumper
    $200 3
juggler

Misti
    $200 21
Rosie O'Donnell

Farah
    $200 2
cats

Ryan
    $200 1
earthworm

Ryan
    $400 27
the Spanish Armada

Ryan
    $400 10
a pail of water

Farah
    $400 5
stand-up

Ryan
    $400 22
Calista Flockhart

Farah
    $400 18
pyromania

Misti
    $400 14
crust

Ryan
    $1,000 28
the Vatican/Vatican City

Ryan
    $600 11
(Ryan: [no response])

"Singing in the Rain"

RyanMisti
    $600 6
dubbing

Misti
    $600 23
Jamie Lee Curtis

Ryan
    $600 19
(Alex: I have that, by the way!)

God

Ryan
    $600 15
(Misti: What is a beaver?)

groundhog

MistiFarah
    $800 29
Mount Vesuvius

Farah
    $800 12
(Ryan: 1,001,000 years?)

100,100 years

RyanMisti
    $800 7
contortionist

Ryan
    $800 24
Connie Chung

Misti
    $800 20
fish

Farah
    $2,000 16
soil

Farah
    $1000 30
Solidarity

Farah
    $1000 13
(Alex: Is there anyone here from New York?)

New York

Triple Stumper
    $1000 8
cameo

Farah
    $1000 25
(Alex; With less than a minute now.)

Michelle Pfeiffer

Farah
    $1000 26
lie

Misti
    $1000 17
groundbreaking

Misti

Scores at the end of the Double Jeopardy! Round:

Ryan Misti Farah
$8,000 $7,400 $9,000

Final Jeopardy! Round responses

U.S. GOVERNMENT
MistiWhat is the CIA?
$1,400
RyanWhat is the CIA?
$7,000
FarahWhat is the FBI?
$2,500
the CIA (Central Intelligence Agency)

Final scores:

Ryan Misti Farah
$15,000 $8,800 $6,500
Automatic semifinalist 2nd place: $2,500 if eliminated 3rd place: $2,500 if eliminated

Game dynamics:

Coryat scores:

Ryan Misti Farah
$7,200 $7,400 $7,800
25 R
(including 2 DDs),
4 W
18 R,
1 W
13 R
(including 1 DD),
0 W

Combined Coryat: $22,400

The J! Archive is created by fans, for fans. The Jeopardy! game show and all elements thereof, including but not limited to copyright and trademark thereto, are the property of Jeopardy Productions, Inc. and are protected under law. This website is not affiliated with, sponsored by, or operated by Jeopardy Productions, Inc. Join the discussion at JBoard.tv.